| 000 | 00662nam a2200121Ia 4500 | ||
|---|---|---|---|
| 008 | 220615s9999||||xx |||||||||||||| ||und|| | ||
| 100 | _aBertram, Tony||Pascal, Chris | ||
| 245 | 0 | _aEarly Childhood Policies and Systems in Eight Countries: Findings from IEA's Early Childhood Education Study | |
| 546 | _aEnglish[eng] | ||
| 650 | _aEducational policy||Early childhood systems||Aims of early childhood education||Education reform | ||
| 856 | _uhttps://library.oapen.org/bitstream/20.500.12657/28104/1/1001890.pdf||https://library.oapen.org/bitstream/20.500.12657/28104/1/1001890.pdf||https://library.oapen.org/bitstream/20.500.12657/28104/1/1001890.pdf | ||
| 942 | _cEB | ||
| 999 |
_c9888 _d9888 |
||